|
|
|
|
| LEADER |
01000pam a2200241 a 4500 |
| 008 |
980527s1998 sz a b 001 0 eng |
| 010 |
|
|
|a 98021879
|
| 020 |
|
|
|a 0817652396 (Boston : hardcover : alk. paper)
|
| 020 |
|
|
|a 3764352396 (Basel : hardcover : alk. paper)
|
| 082 |
0 |
0 |
|a 511.3/3
|2 21
|
| 084 |
|
|
|2 msc
|a 06
|
| 100 |
1 |
|
|a Gratzer, George A.
|
| 245 |
1 |
0 |
|a General lattice theory /
|c George Grätzer.
|
| 250 |
|
|
|a 2nd ed. /
|
| 260 |
|
|
|a Basel ;
|a Boston :
|b Birkhäuser Verlag,
|c c1998.
|
| 300 |
|
|
|a xix, 663 p. :
|b ill. ;
|c 24 cm.
|
| 504 |
|
|
|a Includes bibliographical references (p. 607-640) and index.
|
| 650 |
|
0 |
|a Lattice theory.
|
| 906 |
|
|
|a 7
|b cbc
|c orignew
|d 1
|e ocip
|f 19
|g y-gencatlg
|
| 942 |
|
|
|c BK
|
| 955 |
|
|
|a pc14 to ja00 05-28-98; jd20 05-29-98; 06-03-98 JE08 to SL; je05 to DDC 06-05-98; CIP ver. jf06 10-20-98
|
| 999 |
|
|
|c 132120
|d 132120
|
| 952 |
|
|
|0 0
|1 0
|4 0
|6 06_000000000000000_GRA
|7 0
|9 146228
|a MAT
|b MAT
|c ST1
|d 2012-07-10
|i 2596
|l 7
|m 4
|o 06 GRA
|p MAT2596
|r 2019-09-04
|s 2019-01-29
|w 2012-07-10
|y BK
|